000 01725nam a2200421 c 4500
003 BLK
005 20250505084448.0
008 180409b bul|||||r ||||||| ||bul||
010 _aKNG00106342000
020 _a954-638-122-5
_bиздат.: Софи-Р - на том(т. 2)
040 _aBLK
041 _aBUL
_cBUL
080 _aИстория на България
_b94(497.2)
_x(075)
_z94(497.2)(075)
700 1 _aСаздов, Димитър
_eавт. на том
_9366800
700 1 _aПопов, Радослав Димитров
_eсъавт. на том
_9363555
700 1 _aСпасов, Людмил Йорданов
_eсъавт. на том
_9367402
139 _aИстория на България 681 - 1944
_bИ 95
245 1 0 _aИстория на България 681 - 1944
_bТ. 1 - 2
_cавт. на том Димитър Саздов; съавт. на том Радослав Димитров Попов; съавт. на том Людмил Йорданов Спасов.
_nТ. 2
257 _aBGR
260 София
_c2003
300 _c20 см
380 _a9
500 _aОфс. изд.
650 7 _aБългария - история - учебни помагала
_2
_9149565
650 7 _aИстория - България
_2
_9157745
653 _aБългария
653 _aистория
653 _aучебни помагала
653 _aкандидат-студенти
653 _aстуденти
760 1 _3- на том(т. 2)
_dСофи-Р, 2003
_h880 с.
_tТ. 2
852 _aЦб 214968
856 4 _qpdf
_u
856 4 _qpdf
_u
942 _cKNG
_n0
_08
944 _aCR
_c01.01.2003
_k30534
_lРадостина Карадакова
944 _aED
_c19.07.2004
_k
999 _c101299
_d101299